| 000 | 01142cam a2200301 a 4500 | ||
|---|---|---|---|
| 001 | 4679621 | ||
| 003 | OSt | ||
| 005 | 20240919190121.0 | ||
| 008 | 811016s1982 enk b 001 0 eng | ||
| 010 | _a 81017092 | ||
| 020 | _a0521241014 | ||
| 020 | _a0521284384 | ||
| 040 |
_aMUST _cDDC |
||
| 082 | 0 | 0 |
_aWM 220 H192 1982 _219 |
| 100 |
_aEdited by J.K Wing and Lorna Wing _919158 |
||
| 245 | 0 | 0 |
_aPsychoses of uncertain aetiology / _cparts I and II edited by J.K. Wing, part III edited by Lorna Wing and J.K. Wing. |
| 260 |
_aCambridge ; _aNew York : _bCambridge University Press, _c1982. |
||
| 300 |
_axiv, 313 p. ; _c24 cm. |
||
| 440 | 0 |
_aHandbook of psychiatry ; _vv. 3 _919159 |
|
| 504 | _aBibliography: Includes indexes. | ||
| 650 | 0 |
_aPsychoses. _919160 |
|
| 650 | 2 |
_aPsychotic disorders. _919161 |
|
| 700 | 1 |
_aWing, J. K. _q(John Kenneth), _d1923- _919162 |
|
| 700 | 1 |
_aWing, Lorna, _d1928-2014. _919163 |
|
| 856 | 4 | 2 |
_3Publisher description _uhttp://www.loc.gov/catdir/enhancements/fy0909/81017092-d.html |
| 856 | 4 | 1 |
_3Table of contents only _uhttp://www.loc.gov/catdir/enhancements/fy0909/81017092-t.html |
| 942 |
_2ddc _cO_SHELF |
||
| 999 |
_c9384 _d9384 |
||